00532nam a22001577a 45000050016000000100013000160200018000290350013000470370022000600820012000822450144000942600026002382700054002643000017003185000039003352012091004374.0 aB-480389 a9789400721197 aB-480389 adplbK.K. Pub/Ven a910.285 aInternational perspectives on teachings and learning with GIS in secondary schools/cedited by Andrew J. Milson,Ali Demirci,Joseph J.Kerski aTexasbSpringerc2012 a601 South Nedderman Drive,Box 19529bTexase76019 a353p.c22cm. aIt includes bibliography and index